| 000 | 00593nam a22002177a 4500 | ||
|---|---|---|---|
| 999 |
_c527965 _d527965 |
||
| 003 | NUST | ||
| 005 | 20190823070629.0 | ||
| 008 | 190129b ||||| |||| 00| 0 eng d | ||
| 020 | _a9780073529325 | ||
| 040 | _cDLC | ||
| 082 |
_a621.4021 _bCEN |
||
| 100 |
_aÇengel, Yunus A. _92462 |
||
| 245 | _aThermodynamics : an engineering approach / | ||
| 250 | _a7th | ||
| 260 |
_aNew York _bMcGraw-Hill _c2011 |
||
| 300 | _axxiv, 978 p. | ||
| 500 | _aIncludes bibliographical references and index. | ||
| 650 |
_aThermodynamics. _97134 |
||
| 700 |
_aMichael A. Boles _913580 |
||
| 942 |
_cBK _2ddc |
||